Alternate World Series Matchups (1969-2025) - Statistics

General Stats
  • This quiz has been taken 36 times
    30 since last reset
  • The average score is 41 of 112
Answer Stats
Year Team % Correct
2025 Seattle Mariners
94%
2025 Milwaukee Brewers
88%
2020 Atlanta Braves
81%
2023 Houston Astros
81%
2017 New York Yankees
81%
2023 Philadelphia Phillies
81%
2024 Cleveland Guardians
75%
2024 New York Mets
75%
2019 New York Yankees
75%
2022 San Diego Padres
75%
2021 Boston Red Sox
69%
2020 Houston Astros
69%
2018 Houston Astros
69%
2021 Los Angeles Dodgers
69%
2022 New York Yankees
69%
2014 Baltimore Orioles
63%
2016 Los Angeles Dodgers
63%
2008 Boston Red Sox
56%
2017 Chicago Cubs
56%
2015 Chicago Cubs
56%
2013 Detroit Tigers
56%
2009 Los Angeles Dodgers
56%
2018 Milwaukee Brewers
56%
2019 St. Louis Cardinals
56%
2016 Toronto Blue Jays
56%
2015 Toronto Blue Jays
56%
2011 Detroit Tigers
50%
2013 Los Angeles Dodgers
50%
2008 Los Angeles Dodgers
50%
2012 New York Yankees
50%
2010 New York Yankees
50%
2010 Philadelphia Phillies
50%
2003 Boston Red Sox
44%
2011 Milwaukee Brewers
44%
2004 New York Yankees
44%
2006 Oakland Athletics
44%
2001 Seattle Mariners
44%
2014 St. Louis Cardinals
44%
2001 Atlanta Braves
38%
2003 Chicago Cubs
38%
2007 Cleveland Indians
38%
2002 Minnesota Twins
38%
2006 New York Mets
38%
2012 St. Louis Cardinals
38%
2007 Arizona Diamondbacks
31%
1998 Atlanta Braves
31%
1997 Atlanta Braves
31%
1993 Atlanta Braves
31%
1997 Baltimore Orioles
31%
1996 Baltimore Orioles
31%
1999 Boston Red Sox
31%
1993 Chicago White Sox
31%
2004 Houston Astros
31%
2009 Los Angeles Angels of Anaheim
31%
2005 Los Angeles Angels of Anaheim
31%
1999 New York Mets
31%
1992 Pittsburgh Pirates
31%
2005 St. Louis Cardinals
31%
2002 St. Louis Cardinals
31%
1991 Toronto Blue Jays
31%
1989 Toronto Blue Jays
31%
1985 Toronto Blue Jays
31%
1969 Atlanta Braves
25%
1990 Boston Red Sox
25%
1983 Chicago White Sox
25%
1973 Cincinnati Reds
25%
1998 Cleveland Indians
25%
1987 Detroit Tigers
25%
1969 Minnesota Twins
25%
1980 New York Yankees
25%
1992 Oakland Athletics
25%
1991 Pittsburgh Pirates
25%
1990 Pittsburgh Pirates
25%
2000 Seattle Mariners
25%
1995 Seattle Mariners
25%
2000 St. Louis Cardinals
25%
1982 Atlanta Braves
19%
1974 Baltimore Orioles
19%
1973 Baltimore Orioles
19%
1988 Boston Red Sox
19%
1986 California Angels
19%
1982 California Angels
19%
1989 Chicago Cubs
19%
1984 Chicago Cubs
19%
1995 Cincinnati Reds
19%
1979 Cincinnati Reds
19%
1972 Detroit Tigers
19%
1986 Houston Astros
19%
1980 Houston Astros
19%
1984 Kansas City Royals
19%
1978 Kansas City Royals
19%
1977 Kansas City Royals
19%
1976 Kansas City Royals
19%
1985 Los Angeles Dodgers
19%
1983 Los Angeles Dodgers
19%
1970 Minnesota Twins
19%
1981 Montreal Expos
19%
1988 New York Mets
19%
1981 Oakland Athletics
19%
1971 Oakland Athletics
19%
1975 Pittsburgh Pirates
19%
1972 Pittsburgh Pirates
19%
1970 Pittsburgh Pirates
19%
1971 San Francisco Giants
19%
1996 St. Louis Cardinals
19%
1979 California Angels
13%
1975 Oakland Athletics
13%
1978 Philadelphia Phillies
13%
1977 Philadelphia Phillies
13%
1976 Philadelphia Phillies
13%
1974 Pittsburgh Pirates
13%
1987 San Francisco Giants
13%
No matching quizzes found
Score Distribution
Percent of People with Each Score
Percentile by Number Answered
Your Score History
You have not taken this quiz since the last reset